Vista normal Vista MARC

Entrada Materia (personas)

Número de registros utilizados en: 1

001 - CONTROL NUMBER

  • control field: 163871

003 - CONTROL NUMBER IDENTIFIER

  • control field: Co-BoUCM

005 - DATE AND TIME OF LATEST TRANSACTION

  • control field: 20211111074929.0

008 - FIXED-LENGTH DATA ELEMENTS

  • fixed length control field: 211111|| aca||aabn | a|a d

040 ## - CATALOGING SOURCE

  • Original cataloging agency: Co-BoUCM
  • Transcribing agency: Co-BoUCM

100 ## - HEADING--PERSONAL NAME

  • Personal name: Uribe de Hincapié, María Teresa

670 ## - SOURCE DATA FOUND

  • Source citation: Work cat.: (Co-BoUCM)54532: Uribe de Hincapié, María Teresa, Cien años de prensa en Colombia, 1840-1940 catálogo indizado de la prensa existente en la sala de periódicos de la Biblioteca Central de la Universidad de Antioquia, 2002